000 00550cam a22001934a 4500
005 20250605163607.0
008 250528s ||||||||||||||||||||||||d
035 _a22408
020 _a9789608731035
040 _aGR-AtMCL
_bgre
_dGR-AtMCL
_eAACR2
245 1 _aΗΘΙΚΑ ΖΗΤΗΜΑΤΑ ΣΤΗΝ ΨΥΧΟΛΟΓΙΑ
250 _a1
260 _bΙνστιτουτο Ψυχολογιας Και Υγειας,
_c2008
300 _a462
700 1 _aΑναγνωστοπουλου Τανια
942 _cBK
999 _c7461
_d7461